Top XIs: Poland (1971-2023) - Statistics

General Stats
  • This quiz has been taken 366 times
    348 since last reset
  • The average score is 169 of 499
Answer Stats
Hint Position Answer % Correct
2009 ST Robert Lewandowski
100%
2010 ST Robert Lewandowski
100%
2011 ST Robert Lewandowski
100%
2012 ST Robert Lewandowski
100%
2013 ST Robert Lewandowski
100%
2014 ST Robert Lewandowski
100%
2015 ST Robert Lewandowski
100%
2016 ST Robert Lewandowski
100%
2017 ST Robert Lewandowski
100%
2018 WC ST Robert Lewandowski
100%
2019 ST Robert Lewandowski
100%
2020 ST Robert Lewandowski
100%
2021 EURO ST Robert Lewandowski
100%
2021 ST Robert Lewandowski
100%
2022 LN ST Robert Lewandowski
100%
2022 WC ST Robert Lewandowski
100%
2023 ST Robert Lewandowski
100%
2010 DF Kamil Glik
89%
2013 DF Kamil Glik
89%
2014 DF Kamil Glik
89%
2015 DF Kamil Glik
89%
2016 DF Kamil Glik
89%
2017 DF Kamil Glik
89%
2019 DF Kamil Glik
89%
2020 DF Kamil Glik
89%
2021 EURO DF Kamil Glik
89%
2021 DF Kamil Glik
89%
2022 LN DF Kamil Glik
89%
2022 WC DF Kamil Glik
89%
2023 DF Kamil Glik
89%
1996 DF Jacek Zieliński
85%
1997 DF Jacek Zieliński
85%
1998 DF Jacek Zieliński
85%
1999 DF Jacek Zieliński
85%
2000 DF Jacek Zieliński
85%
2007 MF Kuba Błaszczykowski
85%
2010 MF Kuba Błaszczykowski
85%
2011 MF Kuba Błaszczykowski
85%
2012 MF Kuba Błaszczykowski
85%
2013 MF Kuba Błaszczykowski
85%
2015 MF Kuba Błaszczykowski
85%
2016 MF Kuba Błaszczykowski
85%
2017 MF Kuba Błaszczykowski
85%
2014 ST Arkadiusz Milik
83%
2015 ST Arkadiusz Milik
83%
2016 ST Arkadiusz Milik
83%
2018 WC ST Arkadiusz Milik
83%
2010 DF Łukasz Piszczek
83%
2011 DF Łukasz Piszczek
83%
2012 DF Łukasz Piszczek
83%
2014 DF Łukasz Piszczek
83%
2015 DF Łukasz Piszczek
83%
2016 DF Łukasz Piszczek
83%
2017 DF Łukasz Piszczek
83%
2018 WC DF Łukasz Piszczek
83%
2013 MF Grzegorz Krychowiak
79%
2014 MF Grzegorz Krychowiak
79%
2015 MF Grzegorz Krychowiak
79%
2016 MF Grzegorz Krychowiak
79%
2018 WC MF Grzegorz Krychowiak
79%
2019 MF Grzegorz Krychowiak
79%
2020 MF Grzegorz Krychowiak
79%
2021 EURO MF Grzegorz Krychowiak
79%
2021 MF Grzegorz Krychowiak
79%
2022 LN MF Grzegorz Krychowiak
79%
2022 WC MF Grzegorz Krychowiak
79%
2023 MF Grzegorz Krychowiak
79%
1978 MF Zbigniew Boniek
69%
1979 MF Zbigniew Boniek
69%
1980 MF Zbigniew Boniek
69%
1981 MF Zbigniew Boniek
69%
1982 MF Zbigniew Boniek
69%
1983 MF Zbigniew Boniek
69%
1985 ST Zbigniew Boniek
69%
1986 ST Zbigniew Boniek
69%
2019 ST Krzysztof Piątek
63%
2020 ST Krzysztof Piątek
63%
1977 ST Grzegorz Lato
61%
1978 ST Grzegorz Lato
61%
1979 ST Grzegorz Lato
61%
1980 ST Grzegorz Lato
61%
1982 MF Grzegorz Lato
61%
2014 MF Kamil Grosicki
61%
2015 MF Kamil Grosicki
61%
2016 MF Kamil Grosicki
61%
2017 MF Kamil Grosicki
61%
2018 WC MF Kamil Grosicki
61%
2019 MF Kamil Grosicki
61%
2022 LN DF Matty Cash
60%
2022 WC DF Matty Cash
60%
2023 DF Matty Cash
60%
2018 WC DF Jan Bednarek
58%
2019 DF Jan Bednarek
58%
2020 DF Jan Bednarek
58%
2021 EURO DF Jan Bednarek
58%
2021 DF Jan Bednarek
58%
2022 LN DF Jan Bednarek
58%
2022 LN DF Jakub Kiwior
56%
2022 WC DF Jakub Kiwior
56%
2023 DF Jakub Kiwior
56%
2022 LN MF Nicola Zalewski
53%
2023 MF Nicola Zalewski
53%
1981 ST Włodzimierz Smolarek
52%
1982 ST Włodzimierz Smolarek
52%
1983 ST Włodzimierz Smolarek
52%
1984 ST Włodzimierz Smolarek
52%
1986 ST Włodzimierz Smolarek
52%
2020 MF Sebastian Szymanski
51%
2022 LN MF Sebastian Szymanski
51%
2023 MF Sebastian Szymanski
51%
2015 DF Michał Pazdan
48%
2016 DF Michał Pazdan
48%
2017 DF Michał Pazdan
48%
2018 WC DF Michał Pazdan
48%
2019 DF Bartosz Bereszyński
46%
2020 DF Bartosz Bereszyński
46%
2021 EURO DF Bartosz Bereszyński
46%
2021 DF Bartosz Bereszyński
46%
2022 WC DF Bartosz Bereszyński
46%
2023 DF Bartosz Bereszyński
46%
1978 MF Kazimierz Deyna
46%
2022 WC MF Przem. Frankowski
46%
2000 ST Emmanuel Olisadebe
45%
2001 ST Emmanuel Olisadebe
45%
2002 ST Emmanuel Olisadebe
45%
2017 MF Karol Linetty
42%
2021 MF Karol Linetty
42%
2021 EURO ST Karol Świderski
42%
2021 ST Karol Świderski
42%
2013 DF Artur Jędrzejczyk
40%
2016 DF Artur Jędrzejczyk
40%
2017 DF Artur Jędrzejczyk
40%
2014 MF Maciej Rybus
40%
2015 DF Maciej Rybus
40%
2018 WC DF Maciej Rybus
40%
2021 EURO DF Maciej Rybus
40%
2021 DF Maciej Rybus
40%
2003 DF Jacek Bąk
38%
2004 DF Jacek Bąk
38%
2005 DF Jacek Bąk
38%
2006 DF Jacek Bąk
38%
2007 DF Jacek Bąk
38%
2008 DF Jacek Bąk
38%
2000 DF Michał Żewłakow
38%
2001 DF Michał Żewłakow
38%
2003 DF Michał Żewłakow
38%
2004 DF Michał Żewłakow
38%
2006 DF Michał Żewłakow
38%
2007 DF Michał Żewłakow
38%
2008 DF Michał Żewłakow
38%
2009 DF Michał Żewłakow
38%
2010 DF Michał Żewłakow
38%
2011 MF Ludovic Obraniak
37%
2012 MF Ludovic Obraniak
37%
2007 DF Marcin Wasilewski
37%
2008 DF Marcin Wasilewski
37%
2009 DF Marcin Wasilewski
37%
2012 DF Marcin Wasilewski
37%
2017 MF Piotr Zieliński
37%
2018 WC MF Piotr Zieliński
37%
2019 MF Piotr Zieliński
37%
2021 EURO MF Piotr Zieliński
37%
2021 MF Piotr Zieliński
37%
2022 LN MF Piotr Zieliński
37%
2022 WC MF Piotr Zieliński
37%
2023 MF Piotr Zieliński
37%
1977 ST Andrzej Szarmach
36%
1978 ST Andrzej Szarmach
36%
2012 DF Sebastian Boenisch
36%
2013 DF Sebastian Boenisch
36%
2000 MF Jacek Krzynówek
35%
2002 MF Jacek Krzynówek
35%
2003 MF Jacek Krzynówek
35%
2004 MF Jacek Krzynówek
35%
2005 MF Jacek Krzynówek
35%
2006 MF Jacek Krzynówek
35%
2007 MF Jacek Krzynówek
35%
2008 MF Jacek Krzynówek
35%
2009 MF Jacek Krzynówek
35%
2014 MF Krzysztof Mączyński
35%
2015 MF Krzysztof Mączyński
35%
2016 MF Krzysztof Mączyński
35%
2017 MF Krzysztof Mączyński
35%
2012 DF Damien Perquis
33%
2022 WC MF Jakub Kaminski
33%
2002 MF Maciej Żurawski
33%
2004 ST Maciej Żurawski
33%
2005 ST Maciej Żurawski
33%
2006 ST Maciej Żurawski
33%
2007 ST Maciej Żurawski
33%
2012 MF Eugen Polański
32%
2013 MF Eugen Polański
32%
1998 DF Tomasz Hajto
31%
1999 DF Tomasz Hajto
31%
2001 DF Tomasz Hajto
31%
2002 DF Tomasz Hajto
31%
2003 DF Tomasz Hajto
31%
2010 MF Sławomir Peszko
30%
1976 ST Włodzimierz Lubański
30%
2008 DF Jakub Wawrzyniak
29%
2011 DF Jakub Wawrzyniak
29%
2014 DF Jakub Wawrzyniak
29%
2008 MF Roger Guerreiro
29%
2009 MF Roger Guerreiro
29%
2022 WC MF Krystian Bielik
28%
2023 MF Krystian Bielik
28%
2019 MF Mateusz Klich
28%
2020 MF Mateusz Klich
28%
2021 EURO MF Mateusz Klich
28%
1988 ST Roman Kosecki
27%
1989 ST Roman Kosecki
27%
1990 ST Roman Kosecki
27%
1991 ST Roman Kosecki
27%
1992 ST Roman Kosecki
27%
1993 ST Roman Kosecki
27%
1994 ST Roman Kosecki
27%
1995 ST Roman Kosecki
27%
2019 DF Tomasz Kędziora
27%
2020 DF Tomasz Kędziora
27%
1978 DF Władysław Żmuda
27%
1979 DF Władysław Żmuda
27%
1980 DF Władysław Żmuda
27%
1981 DF Władysław Żmuda
27%
1982 DF Władysław Żmuda
27%
1984 DF Władysław Żmuda
27%
1985 DF Władysław Żmuda
27%
2006 ST Ireneusz Jeleń
26%
2009 ST Ireneusz Jeleń
26%
2018 WC MF Jacek Góralski
26%
2013 DF Łukasz Szukała
26%
2014 DF Łukasz Szukała
26%
1992 ST Wojciech Kowalczyk
26%
1994 ST Wojciech Kowalczyk
26%
1995 ST Wojciech Kowalczyk
26%
1978 MF Adam Nawałka
25%
1979 MF Adam Nawałka
25%
2007 MF Dariusz Dudka
25%
2008 MF Dariusz Dudka
25%
2009 DF Dariusz Dudka
25%
2010 MF Dariusz Dudka
25%
2011 MF Dariusz Dudka
25%
1985 MF Jan Urban
25%
1986 MF Jan Urban
25%
1987 MF Jan Urban
25%
1988 MF Jan Urban
25%
1989 MF Jan Urban
25%
1991 MF Jan Urban
25%
2020 MF Kamil Józwiak
25%
2021 EURO MF Kamil Józwiak
25%
2021 MF Kamil Józwiak
25%
1996 DF Marek Jóźwiak
25%
2009 MF Rafal Murawski
25%
2010 MF Rafal Murawski
25%
2011 MF Rafal Murawski
25%
2012 MF Rafal Murawski
25%
1976 ST Robert Gadocha
25%
2010 MF Adrian Mierzejewski
24%
2011 MF Adrian Mierzejewski
24%
2012 MF Adrian Mierzejewski
24%
2013 MF Adrian Mierzejewski
24%
1978 DF Jerzy Gorgoń
24%
1992 DF Tomasz Wałdoch
24%
1993 DF Tomasz Wałdoch
24%
1994 DF Tomasz Wałdoch
24%
1995 DF Tomasz Wałdoch
24%
1997 DF Tomasz Wałdoch
24%
1999 DF Tomasz Wałdoch
24%
2000 DF Tomasz Wałdoch
24%
2001 DF Tomasz Wałdoch
24%
2002 DF Tomasz Waldoch
24%
2011 DF Arkadiusz Głowacki
23%
2000 ST Paweł Kryszałowicz
23%
2001 ST Paweł Kryszałowicz
23%
2002 ST Paweł Kryszałowicz
23%
1994 ST Andrzej Juskowiak
22%
1995 ST Andrzej Juskowiak
22%
1996 ST Andrzej Juskowiak
22%
1997 ST Andrzej Juskowiak
22%
2006 ST Ebi Smolarek
22%
2007 ST Ebi Smolarek
22%
2008 ST Ebi Smolarek
22%
2003 ST Grzegorz Rasiak
22%
2004 ST Grzegorz Rasiak
22%
2005 ST Grzegorz Rasiak
22%
1992 MF Jerzy Brzęczek
22%
1993 MF Jerzy Brzęczek
22%
1994 MF Jerzy Brzęczek
22%
1998 MF Jerzy Brzęczek
22%
2005 DF Marcin Baszczyński
22%
2006 DF Marcin Baszczyński
22%
2013 MF Waldemar Sobota
22%
1999 MF Krzysztof Nowak
21%
2003 MF Mirosław Szymkowiak
21%
2005 MF Mirosław Szymkowiak
21%
2006 MF Mirosław Szymkowiak
21%
1995 MF Piotr Nowak
21%
1996 MF Piotr Nowak
21%
1980 ST Andrzej Iwan
20%
1981 MF Andrzej Iwan
20%
1999 ST Artur Wichniarek
20%
2003 ST Artur Wichniarek
20%
1978 MF Henryk Kasperczak
20%
2003 MF Kamil Kosowski
20%
2004 MF Kamil Kosowski
20%
2005 MF Kamil Kosowski
20%
1979 DF Paweł Janas
20%
1980 DF Paweł Janas
20%
1981 DF Paweł Janas
20%
1982 DF Paweł Janas
20%
1983 DF Paweł Janas
20%
1993 MF Piotr Świerczewski
20%
1994 MF Piotr Świerczewski
20%
1995 MF Piotr Świerczewski
20%
1997 MF Piotr Świerczewski
20%
1998 MF Piotr Świerczewski
20%
2000 MF Piotr Świerczewski
20%
2001 MF Piotr Świerczewski
20%
2002 MF Piotr Świerczewski
20%
1997 MF Radosław Kałużny
20%
2000 MF Radosław Kałużny
20%
2001 MF Radosław Kałużny
20%
2002 MF Radosław Kałużny
20%
2003 MF Radosław Sobolewski
20%
2005 MF Radosław Sobolewski
20%
2006 MF Radosław Sobolewski
20%
2004 MF Sebastian Mila
20%
2000 DF Tomasz Kłos
20%
2001 DF Tomasz Kłos
20%
2002 DF Tomasz Kłos
20%
2003 DF Tomasz Kłos
20%
2004 DF Tomasz Kłos
20%
2005 DF Tomasz Kłos
20%
2004 MF Mariusz Lewandowski
19%
2007 MF Mariusz Lewandowski
19%
2008 MF Mariusz Lewandowski
19%
2009 MF Mariusz Lewandowski
19%
2004 DF Tomasz Rząsa
19%
2005 DF Tomasz Rząsa
19%
1981 MF Andrzej Buncol
18%
1982 MF Andrzej Buncol
18%
1983 MF Andrzej Buncol
18%
1984 MF Andrzej Buncol
18%
1985 MF Andrzej Buncol
18%
1978 DF Antoni Szymanowski
18%
1979 DF Antoni Szymanowski
18%
1984 ST Dariusz Dziekanowski
18%
1985 ST Dariusz Dziekanowski
18%
1986 ST Dariusz Dziekanowski
18%
1987 ST Dariusz Dziekanowski
18%
1990 ST Dariusz Dziekanowski
18%
2010 DF Grzegorz Wojtkowiak
18%
2011 DF Grzegorz Wojtkowiak
18%
1988 ST Krzysztof Warzycha
18%
1989 ST Krzysztof Warzycha
18%
1992 ST Krzysztof Warzycha
18%
1996 ST Krzysztof Warzycha
18%
1993 DF Marek Koźmiński
18%
1994 DF Marek Koźmiński
18%
1995 DF Marek Koźmiński
18%
1997 DF Marek Koźmiński
18%
2001 MF Marek Koźmiński
18%
2002 DF Marek Koźmiński
18%
2008 ST Marek Saganowski
18%
1990 MF Robert Warzycha
18%
1991 MF Robert Warzycha
18%
1992 MF Robert Warzycha
18%
2022 LN MF Szymon Żurkowski
18%
1976 DF Adam Musiał
17%
1981 DF Stefan Majewski
17%
1982 DF Stefan Majewski
17%
1983 DF Stefan Majewski
17%
1986 DF Stefan Majewski
17%
2000 MF Bartosz Karwan
15%
2001 MF Bartosz Karwan
15%
1990 ST Jacek Ziober
15%
1991 ST Jacek Ziober
15%
1993 ST Jacek Ziober
15%
2006 DF Mariusz Jop
15%
2007 DF Mariusz Jop
15%
1994 DF Tomasz Łapiński
15%
1995 DF Tomasz Łapiński
15%
1998 DF Tomasz Łapiński
15%
1999 DF Tomasz Łapiński
15%
1987 ST Jan Furtok
13%
1988 ST Jan Furtok
13%
1989 ST Jan Furtok
13%
1991 ST Jan Furtok
13%
1983 DF Jan Jałocha
13%
1984 DF Jan Jałocha
13%
1993 MF Marcin Jałocha
13%
1994 MF Marcin Jałocha
13%
1979 DF Marek Dziuba
13%
1980 DF Marek Dziuba
13%
1981 DF Marek Dziuba
13%
1982 DF Marek Dziuba
13%
1998 ST Mirosław Trzeciak
13%
1999 ST Mirosław Trzeciak
13%
1976 MF Jan Banaś
12%
1976 DF Jan Domarski
12%
1981 MF Mirosław Okoński
12%
1983 MF Mirosław Okoński
12%
1984 MF Mirosław Okoński
12%
1987 MF Ryszard Tarasiewicz
12%
1988 MF Ryszard Tarasiewicz
12%
1989 MF Ryszard Tarasiewicz
12%
1990 MF Ryszard Tarasiewicz
12%
1991 MF Ryszard Tarasiewicz
12%
1997 MF Slawomir Majak
12%
1988 DF Dariusz Kubicki
11%
1990 DF Dariusz Kubicki
11%
1991 DF Dariusz Kubicki
11%
1987 DF Dariusz Wdowczyk
11%
1988 DF Dariusz Wdowczyk
11%
1989 DF Dariusz Wdowczyk
11%
1990 DF Dariusz Wdowczyk
11%
1991 DF Dariusz Wdowczyk
11%
1997 ST Jacek Dembiński
11%
1996 DF Krzysztof Ratajczyk
11%
1998 DF Krzysztof Ratajczyk
11%
1987 DF Paweł Król
11%
1996 DF Paweł Wojtala
11%
1997 DF Pawel Wojtala
11%
1998 ST Sylw. Czereszewski
11%
1976 MF Zygfryd Szołtysik
11%
1987 MF Andrzej Rudy
10%
1988 MF Andrzej Rudy
10%
1996 ST Henryk Bałuszyński
10%
1989 DF Piotr Czachowski
10%
1991 DF Piotr Czachowski
10%
1992 DF Piotr Czachowski
10%
1993 DF Piotr Czachowski
10%
1998 MF Rafał Siadaczka
10%
1999 MF Rafał Siadaczka
10%
1983 DF Roman Wójcicki
10%
1984 DF Roman Wójcicki
10%
1985 DF Roman Wójcicki
10%
1986 DF Roman Wójcicki
10%
1996 MF Ryszard Czerwiec
10%
1995 MF Tomasz Iwan
10%
1997 MF Tomasz Iwan
10%
1998 MF Tomasz Iwan
10%
1999 MF Tomasz Iwan
10%
1995 DF Waldemar Jaskulski
10%
1980 DF Wojciech Rudy
10%
1976 DF Kazimierz Kmiecik
9%
1992 DF Roman Szewczyk
9%
1993 DF Roman Szewczyk
9%
1994 DF Roman Szewczyk
9%
2009 DF Seweryn Gancarczyk
9%
1981 MF Waldemar Matysik
9%
1982 MF Waldemar Matysik
9%
1984 MF Waldemar Matysik
9%
1985 MF Waldemar Matysik
9%
1986 MF Waldemar Matysik
9%
1977 DF Lesław Ćmikiewicz
8%
1977 DF Mirosław Bulzacki
8%
1979 MF Stanisław Terlecki
8%
1980 MF Stanisław Terlecki
8%
1982 MF Janusz Kupcewicz
7%
1983 MF Janusz Kupcewicz
7%
1987 ST Marek Leśniak
7%
1993 ST Marek Leśniak
7%
1977 DF Zygmunt Maszczyk
7%
1984 DF Krzysztof Pawlak
6%
1985 DF Krzysztof Pawlak
6%
1986 DF Krzysztof Pawlak
6%
1987 DF Krzysztof Pawlak
6%
1980 MF Włodzimierz Ciołek
6%
1983 MF Włodzimierz Ciołek
6%
1984 MF Włodzimierz Ciołek
6%
1976 DF Zygmunt Anczok
6%
1988 DF Damian Łukasik
5%
1989 DF Damian Łukasik
5%
1990 DF Damian Łukasik
5%
1985 DF Marek Ostrowski
5%
1986 DF Marek Ostrowski
5%
1985 MF Ryszard Komornicki
5%
1986 MF Ryszard Komornicki
5%
1992 DF Andrzej Lesiak
4%
1976 MF Bernard Blaut
4%
1978 DF Henryk Maculewicz
4%
1996 MF Radosław Michalski
4%
1999 MF Radosław Michalski
4%
1989 MF Zbigniew Kaczmarek
4%
1990 MF Zbigniew Kaczmarek
4%
1977 DF Jerzy Kraska
3%
1979 MF Leszek Lipka
3%
1980 MF Leszek Lipka
3%
1977 MF Bohdan Masztaler
2%
1977 MF Henryk Wieczorek
2%
1979 ST Roman Ogaza
2%
1987 MF Waldemar Prusik
2%
1988 MF Waldemar Prusik
2%
1989 MF Waldemar Prusik
2%
1990 MF Waldemar Prusik
2%
1977 MF Bronisław Bula
1%
1976 MF Henryk Wawrowski
1%
1992 MF Marek Rzepka
1%
1991 DF Piotr Soczyński
1%
No matching quizzes found
Score Distribution
Percent of People with Each Score
Percentile by Number Answered
Your Score History
You have not taken this quiz since the last reset